[Event "XIV T. INT. AJEDREZ "]
[Site "Navalmoral de la Mata"]
[Date "2008.12.07"]
[Round "6.5"]
[White "Garcia-Ortega Mendez, Jose M"]
[Black "Khamrakulov, Ibragim S"]
[Result "1/2-1/2"]
[WhiteElo "2223"]
[BlackElo "2580"]
[PlyCount "147"]
[EventDate "2008.12.04"]

1. d4 Nf6 2. Nf3 g6 3. c4 Bg7 4. Nc3 d5 5. Bf4 c6 6. e3 O-O 7. Rc1 dxc4 8. Bxc4
Nbd7 9. O-O Nh5 10. Bg5 h6 11. Bh4 Qe8 12. b4 b6 13. b5 Bb7 14. bxc6 Bxc6 15.
Nd5 Bxd5 16. Bxd5 Rb8 17. Rc7 g5 18. Bg3 Nxg3 19. hxg3 Nf6 20. Bc6 Qd8 21. Rxa7
Qd6 22. Bb5 Ra8 23. Rxa8 Rxa8 24. Qb3 Qa3 25. Bc4 Qxb3 26. Bxb3 Rc8 27. Rd1 e6
28. Kf1 Ne4 29. Nd2 Nxd2+ 30. Rxd2 Bf8 31. Ke2 Bb4 32. Rd1 Kf8 33. d5 exd5 34.
Rxd5 Ke7 35. f4 f6 36. Rd4 Bc5 37. Re4+ Kf8 38. Re6 Kg7 39. Kf3 Rc7 40. e4 Rd7
41. Bd5 f5 42. g4 fxe4+ 43. Bxe4 Rd6 44. Rxd6 Bxd6 45. g3 Ba3 46. Bd5 Kf6 47.
Ke4 Bb4 48. Bc4 Bd2 49. a4 Be1 50. Kf3 Ba5 51. Bb5 Bb4 52. Be8 Be7 53. Bc6 Bc5
54. Bb7 Bd4 55. Ke4 Bc3 56. Kf3 Be1 57. Ba6 Ke7 58. Bf1 Kf6 59. Be2 Ke7 60. Bd1
Kf6 61. Bb3 Ke7 62. Bc4 Kd6 63. Bf7 Ke7 64. Ba2 Kd6 65. Bf7 Ke7 66. Bg6 Kf6 67.
Bd3 Kg7 68. f5 Kf6 69. Bb5 Ke5 70. Be8 Bb4 71. Bb5 Bc5 72. Ba6 Bd4 73. Bb5 Bc5
74. Ba6 1/2-1/2

[Event "XIV T. INT. AJEDREZ "]
[Site "Navalmoral de la Mata"]
[Date "2008.12.07"]
[Round "6.6"]
[White "Rusev, Krasimir"]
[Black "Komljenovic, Davorin"]
[Result "1-0"]
[WhiteElo "2541"]
[BlackElo "2428"]
[PlyCount "63"]
[EventDate "2008.12.04"]

1. d4 Nf6 2. c4 g6 3. Nc3 d5 4. Nf3 Bg7 5. Qb3 dxc4 6. Qxc4 O-O 7. e4 a6 8. Be2
b5 9. Qb3 Nc6 10. e5 Ng4 11. h3 Nh6 12. d5 Na5 13. Qb4 c6 14. Bxh6 Bxh6 15. Rd1
c5 16. Qxc5 Bb7 17. O-O Rc8 18. Qd4 Bg7 19. a4 Nb3 20. Qb4 Nc5 21. axb5 Qb6 22.
Qd4 axb5 23. Bxb5 Rfd8 24. Qe3 Nd7 25. Qe2 e6 26. Na4 Qc7 27. dxe6 fxe6 28.
Bxd7 Rxd7 29. Rxd7 Qxd7 30. Nb6 Bxf3 31. Qxf3 Qc6 32. Nxc8 1-0

[Event "XIV T. INT. AJEDREZ "]
[Site "Navalmoral de la Mata"]
[Date "2008.12.07"]
[Round "6.7"]
[White "Del Rio De Angelis, Salvador G"]
[Black "Milchev, Nikolay"]
[Result "1/2-1/2"]
[WhiteElo "2531"]
[BlackElo "2362"]
[PlyCount "64"]
[EventDate "2008.12.04"]

1. d4 Nf6 2. c4 g6 3. Nc3 Bg7 4. e4 d6 5. Nf3 O-O 6. Be2 e5 7. O-O exd4 8. Nxd4
Re8 9. f3 Nc6 10. Be3 Nh5 11. Nxc6 bxc6 12. Qd2 Qe7 13. Rfe1 a5 14. Bf1 a4 15.
Rad1 Qe5 16. Bd4 Qa5 17. Ne2 Qxd2 18. Rxd2 c5 19. Bxg7 Nxg7 20. Nc3 Bb7 21. Nb5
Re7 22. Rc1 Bc6 23. Rc3 Ne6 24. Ra3 Ree8 25. Be2 Reb8 26. Bd1 Bxb5 27. cxb5
Rxb5 28. Rxa4 Rab8 29. b3 Nd4 30. Ra7 R5b7 31. Rxb7 Rxb7 32. Be2 Nxe2+ 1/2-1/2

[Event "XIV T. INT. AJEDREZ "]
[Site "Navalmoral de la Mata"]
[Date "2008.12.07"]
[Round "6.8"]
[White "Cabezas Ayala, Ivan"]
[Black "Perez Candelario, Manuel"]
[Result "1/2-1/2"]
[WhiteElo "2374"]
[BlackElo "2520"]
[PlyCount "31"]
[EventDate "2008.12.04"]

1. e4 c5 2. Nf3 d6 3. d4 cxd4 4. Nxd4 Nf6 5. Nc3 g6 6. Be2 Bg7 7. O-O O-O 8.
Re1 Nc6 9. Nb3 b6 10. Bf1 Bb7 11. Nd5 Nd7 12. c3 e6 13. Ne3 Nc5 14. Nc4 d5 15.
exd5 exd5 16. Ncd2 1/2-1/2

[Event "XIV T. INT. AJEDREZ "]
[Site "Navalmoral de la Mata"]
[Date "2008.12.07"]
[Round "6.9"]
[White "Vega Gomez, Francisco B"]
[Black "Guerra Tulcan, Lenin"]
[Result "0-1"]
[WhiteElo "2194"]
[BlackElo "2304"]
[PlyCount "62"]
[EventDate "2008.12.04"]

1. Nf3 Nf6 2. d4 e6 3. g3 c5 4. Bg2 Nc6 5. O-O Be7 6. c4 cxd4 7. Nxd4 O-O 8.
Nc3 a6 9. h3 Qc7 10. Be3 Na5 11. b3 d5 12. Na4 e5 13. Nf3 d4 14. Bc1 Bd7 15.
Nb2 Rad8 16. Qe1 Nc6 17. e4 Nb4 18. Qe2 Bc6 19. Ne1 a5 20. Bg5 Nxe4 21. Bxe7
Nc3 22. Qd2 Qxe7 23. a3 Bxg2 24. Nxg2 Nc6 25. Rfe1 f5 26. Nd3 Ne4 27. Qc2 Ng5
28. Nh4 Nxh3+ 29. Kg2 Ng5 30. Nf4 Qc5 31. Nd5 Rxd5 0-1

[Event "XIV T. INT. AJEDREZ "]
[Site "Navalmoral de la Mata"]
[Date "2008.12.07"]
[Round "6.10"]
[White "Molina, Jorge"]
[Black "Palencia, Wilson"]
[Result "0-1"]
[WhiteElo "2124"]
[BlackElo "2337"]
[PlyCount "66"]
[EventDate "2008.12.04"]

1. d4 f5 2. c4 Nf6 3. Nc3 g6 4. h4 c5 5. d5 e5 6. h5 Nxh5 7. Rxh5 gxh5 8. e4 d6
9. Qxh5+ Kd7 10. Nb5 Qf6 11. exf5 h6 12. Ne2 a6 13. Nbc3 Kc7 14. g4 Nd7 15. Ng3
Qg7 16. Nge4 Be7 17. Be3 Nf6 18. Nxf6 Bxf6 19. Ne4 Bd7 20. Rc1 b6 21. Be2 Rag8
22. b4 Bg5 23. Qh3 Bf4 24. bxc5 dxc5 25. d6+ Kc8 26. Bxf4 exf4 27. Nxc5 Qb2 28.
Nd3 Qxa2 29. c5 Re8 30. Qf3 Rxe2+ 31. Qxe2 Re8 32. cxb6+ Kb8 33. Ne5 Qa5+ 0-1

[Event "XIV T. INT. AJEDREZ "]
[Site "Navalmoral de la Mata"]
[Date "2008.12.07"]
[Round "7.1"]
[White "Korneev, Oleg"]
[Black "Fedorchuk, Sergey A"]
[Result "0-1"]
[WhiteElo "2623"]
[BlackElo "2603"]
[PlyCount "30"]
[EventDate "2008.12.04"]

1. e4 e5 2. Nf3 Nc6 3. Bb5 a6 4. Ba4 Nf6 5. O-O b5 6. Bb3 Bb7 7. c3 Nxe4 8. d4
exd4 9. Re1 d5 10. Ng5 Qd7 11. Rxe4+ dxe4 12. Nxf7 Na5 13. Nxh8 Nxb3 14. axb3
Bd6 15. Qh5+ Kd8 {(Ilegible)} 0-1

[Event "XIV T. INT. AJEDREZ "]
[Site "Navalmoral de la Mata"]
[Date "2008.12.07"]
[Round "7.2"]
[White "Campora Sivori, Daniel H"]
[Black "Granda Zuniga, Julio E"]
[Result "0-1"]
[WhiteElo "2537"]
[BlackElo "2628"]
[PlyCount "120"]
[EventDate "2008.12.04"]

1. d4 Nf6 2. Bg5 e6 3. Nd2 h6 4. Bh4 c5 5. e3 cxd4 6. exd4 Be7 7. c3 d6 8. Bd3
Bd7 9. Bxf6 Bxf6 10. Ngf3 Bc6 11. O-O O-O 12. Re1 Nd7 13. Qe2 Re8 14. Rad1 g6
15. Ne4 Be7 16. Bc2 b5 17. Qe3 Kg7 18. h4 Nb6 19. h5 Nd5 20. Qd2 g5 21. g3 Rh8
22. Qd3 Qd7 23. Re2 Nb6 24. Rde1 Bd5 25. b3 Rac8 26. Bb1 Qc6 27. Rc2 a6 28.
Ned2 Qb7 29. Nh2 Bc6 30. c4 Bd7 31. Nhf1 bxc4 32. bxc4 Na4 33. Ne3 Bd8 34. Nb3
Qb4 35. Rec1 Bb6 36. Kh2 Ba7 37. f4 gxf4 38. gxf4 Qb6 39. Rg1+ Kf8 40. f5 Qd8
41. Rg4 Bb8 42. d5 e5 43. Rcg2 Qf6 44. Qe4 Nc3 45. Qd3 e4 46. Qf1 Ba7 47. c5
dxc5 48. Nc4 Bb8+ 49. d6 Qxf5 50. Rf4 Qxh5+ 51. Kg1 Be6 52. Bxe4 Rg8 53. Bf3
Rxg2+ 54. Qxg2 Qg5 55. Rg4 Bxg4 56. Bxg4 Rd8 57. Qf3 Bxd6 58. Qxc3 Qxg4+ 59.
Kf1 Kg8 60. Nbd2 Bf4 0-1

[Event "XIV T. INT. AJEDREZ "]
[Site "Navalmoral de la Mata"]
[Date "2008.12.07"]
[Round "7.3"]
[White "Burmakin, Vladimir"]
[Black "Rusev, Krasimir"]
[Result "1-0"]
[WhiteElo "2625"]
[BlackElo "2541"]
[PlyCount "36"]
[EventDate "2008.12.04"]

1. d4 d5 2. Nf3 Nf6 3. c4 c6 4. Qb3 dxc4 5. Qxc4 Bf5 6. g3 e6 7. Bg2 Nbd7 8.
O-O Be7 9. Nc3 O-O 10. Re1 Bg6 11. Qb3 Qb6 12. e4 Qxb3 13. axb3 h6 14. Bf4 Rfc8
15. Nd2 Nb6 16. Nc4 Nxc4 17. bxc4 Nd7 18. e5 Nb6 {(Ilegible)} 1-0

[Event "XIV T. INT. AJEDREZ "]
[Site "Navalmoral de la Mata"]
[Date "2008.12.07"]
[Round "7.4"]
[White "Khamrakulov, Ibragim S"]
[Black "Epishin, Vladimir"]
[Result "1/2-1/2"]
[WhiteElo "2580"]
[BlackElo "2581"]
[PlyCount "26"]
[EventDate "2008.12.04"]

1. e4 d5 2. d3 g6 3. c3 Bg7 4. Qc2 e5 5. Nf3 Ne7 6. Be2 O-O 7. O-O c6 8. a4 h6
9. b4 g5 10. Re1 Ng6 11. d4 exd4 12. Nxd4 dxe4 13. Bh5 a5 1/2-1/2

[Event "XIV T. INT. AJEDREZ "]
[Site "Navalmoral de la Mata"]
[Date "2008.12.07"]
[Round "7.5"]
[White "Palencia, Wilson"]
[Black "Del Rio De Angelis, Salvador G"]
[Result "0-1"]
[WhiteElo "2337"]
[BlackElo "2531"]
[PlyCount "92"]
[EventDate "2008.12.04"]

1. d4 d6 2. Nf3 g6 3. g3 Bg7 4. Bg2 Nd7 5. c4 e5 6. dxe5 dxe5 7. Nc3 Ngf6 8.
O-O O-O 9. b3 Qe7 10. Bg5 c6 11. Qc1 Re8 12. Rd1 Qf8 13. Bh3 h6 14. Bxf6 Nxf6
15. Bxc8 Raxc8 16. e4 Qc5 17. Qd2 Bf8 18. Rac1 Kg7 19. Qe2 Qa5 20. Kg2 Rcd8 21.
Rxd8 Rxd8 22. Rd1 Rxd1 23. Nxd1 Nd7 24. h4 h5 25. Ng5 Nc5 26. f4 f6 27. Nh3 Ne6
28. f5 Nd4 29. Qf2 gxf5 30. exf5 Bc5 31. g4 hxg4 32. Qg3 Qd2+ 33. Ndf2 Qe2 34.
Ng1 Qc2 35. Qxg4+ Kf8 36. Qh5 Qxf5 37. Qxf5 Nxf5 38. Ne4 Nxh4+ 39. Kh3 Bxg1 40.
Kxh4 Ke7 41. Kg4 Ke6 42. Ng3 Bh2 43. Nf5 e4 44. Nd4+ Ke5 45. Nf5 c5 46. Ne3 Kd4
0-1

[Event "XIV T. INT. AJEDREZ "]
[Site "Navalmoral de la Mata"]
[Date "2008.12.07"]
[Round "7.6"]
[White "Perez Candelario, Manuel"]
[Black "Garcia-Ortega Mendez, Jose M"]
[Result "1-0"]
[WhiteElo "2520"]
[BlackElo "2223"]
[PlyCount "117"]
[EventDate "2008.12.04"]

1. e4 e5 2. Nf3 Nc6 3. Bb5 a6 4. Ba4 Nf6 5. O-O Be7 6. Re1 b5 7. Bb3 d6 8. c3
O-O 9. h3 Nb8 10. d4 Nbd7 11. Nbd2 Bb7 12. Bc2 Re8 13. Nf1 Bf8 14. Ng3 g6 15.
b3 Bg7 16. d5 Qb8 17. c4 c6 18. Be3 Qc7 19. Qd2 bxc4 20. bxc4 Nc5 21. Rab1 Nfd7
22. h4 cxd5 23. cxd5 a5 24. Bh6 Qd8 25. h5 Ba6 26. Nh2 Nf6 27. Bg5 Qd7 28. Rb6
a4 29. Rb4 Reb8 30. Reb1 Qc7 31. h6 Bh8 32. Be3 Nfd7 33. Ng4 Bc8 34. f3 Rxb4
35. Rxb4 Nb6 36. Nf2 Bf6 37. Nd3 Nbd7 38. Nb2 Nb6 39. Qc3 Bd8 40. Nf1 Bd7 41.
Nd2 Rb8 42. Nd3 Nxd3 43. Qxc7 Bxc7 44. Bxd3 Kf8 45. Bg5 Nc8 46. Rxb8 Bxb8 47.
Kf1 Na7 48. Nc4 Bc7 49. Ke2 Ke8 50. Kd2 Nb5 51. Be2 Nd4 52. Bd1 Bb5 53. Kc3 Kd7
54. Kb4 f5 55. Be3 Bxc4 56. Bxa4+ Kd8 57. Kxc4 Bb6 58. Bg5+ Kc7 59. Be8 1-0

[Event "XIV T. INT. AJEDREZ "]
[Site "Navalmoral de la Mata"]
[Date "2008.12.07"]
[Round "7.7"]
[White "Guerra Tulcan, Lenin"]
[Black "Cabezas Ayala, Ivan"]
[Result "0-1"]
[WhiteElo "2304"]
[BlackElo "2374"]
[PlyCount "80"]
[EventDate "2008.12.04"]

1. e4 e5 2. Nf3 Nc6 3. d4 exd4 4. Nxd4 Nf6 5. Nxc6 bxc6 6. e5 Qe7 7. Qe2 Nd5 8.
c4 Ba6 9. b3 g6 10. f4 Bg7 11. Qf2 Nb6 12. Be2 f6 13. Ba3 Qe6 14. O-O fxe5 15.
fxe5 O-O-O 16. Nd2 Qxe5 17. Rad1 Rde8 18. Bf3 Qd4 19. Ne4 Qxf2+ 20. Rxf2 h5 21.
Nc5 Bf8 22. Nxa6 Bxa3 23. c5 Nd5 24. Bxd5 cxd5 25. b4 Re6 26. b5 Rxa6 27. bxa6
Bxc5 28. Rxd5 Bxf2+ 29. Kxf2 Rf8+ 30. Ke3 Rf5 31. Rxf5 gxf5 32. Kf4 c5 33. Kxf5
c4 34. Ke4 d5+ 35. Kd4 Kd7 36. g3 Ke6 37. h3 Kf5 38. a3 Ke6 39. a4 Kf5 40. a5
Ke6 0-1

[Event "XIV T. INT. AJEDREZ "]
[Site "Navalmoral de la Mata"]
[Date "2008.12.07"]
[Round "7.8"]
[White "Milchev, Nikolay"]
[Black "Gallardo Retortillo, Enrique"]
[Result "1-0"]
[WhiteElo "2362"]
[BlackElo "2174"]
[PlyCount "93"]
[EventDate "2008.12.04"]

1. Nf3 d5 2. c4 c6 3. cxd5 cxd5 4. d4 Nf6 5. Nc3 Nc6 6. Bf4 Bf5 7. e3 e6 8. Qb3
Bb4 9. Ne5 O-O 10. Nxc6 Bxc3+ 11. Qxc3 bxc6 12. Be2 Ne4 13. Qa3 g5 14. Bg3 Qb6
15. Rc1 Rfc8 16. Ba6 Nxg3 17. hxg3 Rc7 18. Rc5 Rb8 19. b3 f6 20. O-O e5 21.
dxe5 fxe5 22. Rfc1 Bd7 23. Qa4 Be8 24. Be2 Rg7 25. e4 Rd8 26. Bg4 Kh8 27. Qa3
dxe4 28. Rxe5 Bg6 29. Qb2 h5 30. Bxh5 Qd4 31. Qxd4 Rxd4 32. Rxg5 Bxh5 33. Rxh5+
Kg8 34. Rxc6 Rd1+ 35. Kh2 Rd2 36. Rc8+ Kf7 37. Rc7+ Kg6 38. Rxg7+ Kxh5 39. g4+
Kh6 40. Rxa7 Rxf2 41. Kg3 Re2 42. Kf4 Rxg2 43. Kxe4 Rxg4+ 44. Kd5 Kg6 45. Kc5
Kf6 46. Rd7 Ke6 47. Rd2 1-0

[Event "XIV T. INT. AJEDREZ "]
[Site "Navalmoral de la Mata"]
[Date "2008.12.07"]
[Round "7.9"]
[White "Figuero Toro, Julian Francisco"]
[Black "Larino Nieto, David"]
[Result "0-1"]
[WhiteElo "2227"]
[BlackElo "2469"]
[PlyCount "88"]
[EventDate "2008.12.04"]

1. e4 e6 2. d3 b6 3. Nd2 Bb7 4. Ngf3 d5 5. c3 Nd7 6. Qc2 Bd6 7. Be2 Ngf6 8. O-O
O-O 9. Re1 Bf4 10. Bf1 e5 11. g3 Bxd2 12. Nxd2 dxe4 13. dxe4 h6 14. f3 Nh7 15.
Nc4 Qf6 16. Qf2 Rad8 17. h4 Nc5 18. Qe3 Qg6 19. g4 Qf6 20. b4 Ne6 21. Qf2 g5
22. h5 Nf4 23. Be3 Rfe8 24. Kh2 Qe6 25. Nb2 Nf6 26. Bxf4 exf4 27. Rad1 Rxd1 28.
Nxd1 Rd8 29. Qe2 Qe5 30. Kg1 a5 31. a3 Kg7 32. Qc2 axb4 33. axb4 Qe6 34. Nf2
Ra8 35. Rd1 Nd7 36. Bc4 Qxc4 37. Rxd7 Ra1+ 38. Rd1 Ra3 39. e5 Bxf3 40. Rd7 Qe6
41. Qf5 Ra1+ 42. Kh2 Qxf5 43. gxf5 g4 44. f6+ Kg8 0-1

[Event "XIV T. INT. AJEDREZ "]
[Site "Navalmoral de la Mata"]
[Date "2008.12.07"]
[Round "7.10"]
[White "Rizouk, Aimen"]
[Black "Vega Gomez, Francisco B"]
[Result "1-0"]
[WhiteElo "2507"]
[BlackElo "2194"]
[PlyCount "99"]
[EventDate "2008.12.04"]

1. e4 d5 2. exd5 Nf6 3. Nf3 Nxd5 4. d4 g6 5. c4 Nb6 6. Nc3 Bg7 7. c5 Nd5 8. Bc4
Nxc3 9. bxc3 O-O 10. O-O b6 11. Re1 c6 12. Bg5 Bf6 13. Bh6 Bg7 14. Bxg7 Kxg7
15. Qe2 e6 16. Rad1 Nd7 17. Ne5 Qc7 18. Qe3 Nf6 19. Qf4 Nd5 20. Bxd5 cxd5 21.
Rd3 bxc5 22. dxc5 h6 23. Rg3 Qe7 24. Qg4 Qf6 25. Rf3 Qe7 26. Rg3 Qf6 27. Qd4
Kg8 28. c4 Rb8 29. h3 dxc4 30. Qxc4 Rb2 31. Rf3 Qg5 32. Ree3 h5 33. h4 Qe7 34.
Qe4 Kg7 35. Nxg6 Qb7 36. Nxf8 Qxe4 37. Rxe4 Kxf8 38. Rb3 Rc2 39. Re5 Ke7 40.
Ra3 a6 41. Rxh5 Bb7 42. Rg5 Kf6 43. Ra4 Bd5 44. Rxa6 Rxc5 45. Ra4 e5 46. Ra6+
Be6 47. Ra3 Rb5 48. Kh2 Bd5 49. Ra6+ Be6 50. f4 1-0

[Event "XIV T. INT. AJEDREZ "]
[Site "Navalmoral de la Mata"]
[Date "2008.12.08"]
[Round "8.1"]
[White "Del Rio De Angelis, Salvador G"]
[Black "Fedorchuk, Sergey A"]
[Result "1/2-1/2"]
[WhiteElo "2531"]
[BlackElo "2603"]
[PlyCount "36"]
[EventDate "2008.12.04"]

1. d4 Nf6 2. c4 e6 3. Nc3 Bb4 4. e3 c5 5. Nge2 cxd4 6. exd4 d5 7. a3 Be7 8. Nf4
O-O 9. Be3 Nc6 10. cxd5 Nxd5 11. Ncxd5 exd5 12. Bd3 Bf6 13. O-O g6 14. Rc1 Qd6
15. Qf3 Nxd4 16. Qxd5 Rd8 17. Qxd6 Rxd6 18. Rc7 Ne6 1/2-1/2

[Event "XIV T. INT. AJEDREZ "]
[Site "Navalmoral de la Mata"]
[Date "2008.12.08"]
[Round "8.2"]
[White "Granda Zuniga, Julio E"]
[Black "Milchev, Nikolay"]
[Result "1-0"]
[WhiteElo "2628"]
[BlackElo "2362"]
[PlyCount "181"]
[EventDate "2008.12.04"]

1. Nf3 Nf6 2. c4 g6 3. Nc3 Bg7 4. e4 d6 5. d4 O-O 6. Be2 Nbd7 7. Qc2 e5 8. d5
a5 9. Be3 Ng4 10. Bg5 f6 11. Bd2 Nh6 12. h3 Nf7 13. g4 Nc5 14. O-O-O Bh6 15.
Bxh6 Nxh6 16. Qd2 Nf7 17. Qe3 Bd7 18. Rdg1 Kg7 19. h4 h6 20. g5 fxg5 21. hxg5
h5 22. Nh4 Nh8 23. Rg3 Qe7 24. Ng2 Rg8 25. Bd1 Raf8 26. Bc2 Kf7 27. b3 Ke8 28.
Kb2 b6 29. a3 Rg7 30. b4 Nb7 31. f3 Rh7 32. Ne2 Kf7 33. Bb3 Ke8 34. Rh4 Rhf7
35. Qc3 Kd8 36. Bd1 Rh7 37. Nc1 Nf7 38. Qe3 Rfh8 39. Kc3 Ke8 40. Ne1 Kf8 41.
Ned3 Kg7 42. Kb2 Rg8 43. Bb3 Rf8 44. Ne2 Ra8 45. Nc3 Rhh8 46. Rg1 Rh7 47. Bd1
Rhh8 48. Be2 Rh7 49. Qd2 Rhh8 50. Qe3 Rh7 51. Ne1 Rhh8 52. Nc2 Rh7 53. Kc1 Rhh8
54. Kd2 Rh7 55. Ke1 Rhh8 56. Kf2 Rhf8 57. Qc1 Rh8 58. Ne1 Rh7 59. Nd3 Rhh8 60.
Rg2 Rh7 61. Kg1 Rhh8 62. Kh2 Kg8 63. Rg1 Rh7 64. Bf1 Rf8 65. Bh3 Bxh3 66. Kxh3
Ra8 67. Kh2 Rh8 68. Kh1 Rh7 69. Rh2 Kg7 70. Rf2 Kg8 71. Kh2 Rf8 72. Rff1 h4 73.
Nf2 h3 74. Rg4 Rh5 75. Rfg1 Kg7 76. R4g3 axb4 77. axb4 Ra8 78. Rxh3 Rxg5 79.
Rh4 Rh8 80. Rxh8 Nxh8 81. Nh1 Nf7 82. Ng3 Nbd8 83. Kg2 Nh6 84. Rh1 Ndf7 85.
Nce2 Qf6 86. Qc3 Ng8 87. Qe3 Nfh6 88. Ra1 Ne7 89. Ra7 Nhf5 90. exf5 gxf5 91. f4
1-0

[Event "XIV T. INT. AJEDREZ "]
[Site "Navalmoral de la Mata"]
[Date "2008.12.08"]
[Round "8.3"]
[White "Cabezas Ayala, Ivan"]
[Black "Burmakin, Vladimir"]
[Result "0-1"]
[WhiteElo "2374"]
[BlackElo "2625"]
[PlyCount "138"]
[EventDate "2008.12.04"]

1. e4 c6 2. d4 d5 3. exd5 cxd5 4. c4 Nf6 5. Nc3 g6 6. Qb3 Bg7 7. cxd5 O-O 8.
Nge2 Na6 9. Nf4 Nc7 10. Be2 Rb8 11. O-O b5 12. a3 Bb7 13. Bf3 a5 14. Re1 Re8
15. Bd2 b4 16. axb4 axb4 17. Ne4 Nfxd5 18. Nc5 Bc6 19. Na6 Rb6 20. Nxc7 Nxc7
21. Bxc6 Rxc6 22. d5 Rb6 23. Ra4 g5 24. Nh5 Qxd5 25. Qxd5 Nxd5 26. Nxg7 Kxg7
27. Ra5 Rd8 28. Bxg5 f6 29. Bd2 Rc6 30. Kf1 Rc2 31. Re2 Kg6 32. Be1 Rxe2 33.
Kxe2 Nf4+ 34. Kf3 e5 35. Rb5 Rd3+ 36. Ke4 Rd1 37. Bxb4 Rd4+ 38. Kf3 Rd3+ 39.
Ke4 Rb3 40. Rb6 Rxb2 41. g3 Nh3 42. Bc5 Nxf2+ 43. Bxf2 Rxf2 44. h4 h5 45. Rb8
Re2+ 46. Kf3 Ra2 47. Rg8+ Kf5 48. Rh8 e4+ 49. Ke3 Ra3+ 50. Kf2 Kg4 51. Rg8+ Kh3
52. Rg6 Rf3+ 53. Ke2 f5 54. Rg5 Kg2 55. Ke1 Re3+ 56. Kd2 Kf2 57. Rxf5+ Rf3 58.
Re5 e3+ 59. Kd3 Rf8 60. Re7 Rd8+ 61. Kc2 e2 62. Rf7+ Kxg3 63. Re7 Kf2 64. Rf7+
Ke1 65. Rf5 Rd4 66. Rxh5 Rf4 67. Re5 Kf2 68. Kd2 Rd4+ 69. Kc3 Rd1 0-1

[Event "XIV T. INT. AJEDREZ "]
[Site "Navalmoral de la Mata"]
[Date "2008.12.08"]
[Round "8.4"]
[White "Epishin, Vladimir"]
[Black "Perez Candelario, Manuel"]
[Result "1/2-1/2"]
[WhiteElo "2581"]
[BlackElo "2520"]
[PlyCount "53"]
[EventDate "2008.12.04"]

1. d4 d5 2. c4 e6 3. Nf3 Nf6 4. e3 a6 5. b3 dxc4 6. Bxc4 b5 7. Be2 Bb7 8. O-O
Nbd7 9. a4 b4 10. Bb2 Be7 11. Nbd2 O-O 12. Rc1 Rc8 13. Nc4 c5 14. Nfe5 Nxe5 15.
dxe5 Nd5 16. Bf3 f5 17. Qc2 Ba8 18. Rfd1 Rc7 19. Rd2 Qe8 20. Rcd1 Qg6 21. Kh1
Qh6 22. Rd3 g5 23. Nd6 g4 24. Bxd5 exd5 25. Rxd5 Bxd5 26. Rxd5 Qe6 27. Qd3
1/2-1/2

[Event "XIV T. INT. AJEDREZ "]
[Site "Navalmoral de la Mata"]
[Date "2008.12.08"]
[Round "8.6"]
[White "Larino Nieto, David"]
[Black "Khamrakulov, Ibragim S"]
[Result "1/2-1/2"]
[WhiteElo "2469"]
[BlackElo "2580"]
[PlyCount "112"]
[EventDate "2008.12.04"]

1. d4 Nf6 2. Nf3 e6 3. e3 c5 4. c4 cxd4 5. exd4 Bb4+ 6. Bd2 Bxd2+ 7. Nbxd2 b6
8. Rc1 d6 9. Bd3 Bb7 10. O-O O-O 11. Re1 Nbd7 12. Ne4 Nxe4 13. Bxe4 Bxe4 14.
Rxe4 d5 15. Re2 dxc4 16. Rxc4 Nf6 17. Ne5 Qd5 18. b3 Rfd8 19. Qc1 Qd6 20. h3
Nd5 21. Rec2 f6 22. Rc6 Qe7 23. Nd3 Rd6 24. Nf4 Rad8 25. Nxd5 Rxd5 26. Qe3 Kf7
27. R2c4 R8d7 28. a4 e5 29. dxe5 Rxe5 30. Qc3 Re1+ 31. Kh2 Re2 32. Qg3 Qe5 33.
Rc7 Qxg3+ 34. Kxg3 Ke7 35. Rxd7+ Kxd7 36. Rg4 g6 37. Rh4 h5 38. Rd4+ Ke6 39. h4
Rc2 40. f3 Rc3 41. b4 Ra3 42. b5 Ke5 43. Rc4 g5 44. hxg5 fxg5 45. Re4+ Kf5 46.
Rd4 Ra2 47. Rd5+ Kf6 48. Rd4 Ke5 49. Re4+ Kf5 50. Rd4 Ke5 51. Re4+ Kd5 52. Re7
Rxa4 53. Rg7 g4 54. Rg5+ Kc4 55. Rxh5 gxf3 56. Kxf3 Ra3+ 1/2-1/2

[Event "XIV T. INT. AJEDREZ "]
[Site "Navalmoral de la Mata"]
[Date "2008.12.08"]
[Round "8.7"]
[White "Rizouk, Aimen"]
[Black "Campora Sivori, Daniel H"]
[Result "1/2-1/2"]
[WhiteElo "2507"]
[BlackElo "2537"]
[PlyCount "48"]
[EventDate "2008.12.04"]

1. e4 c6 2. c4 d5 3. exd5 cxd5 4. cxd5 Nf6 5. Nc3 Nxd5 6. Nf3 e6 7. Bc4 Nc6 8.
O-O Be7 9. d4 O-O 10. Re1 Bf6 11. Bb3 Nxc3 12. bxc3 b6 13. Bb2 Ba6 14. h4 Rc8
15. Ng5 g6 16. Bc1 Na5 17. Qg4 h5 18. Qg3 Bc4 19. Bf4 Bd5 20. Rac1 Nc4 21. Be3
Rc6 22. Re2 b5 23. Rce1 a6 24. Nf3 Bg7 1/2-1/2

[Event "XIV T. INT. AJEDREZ "]
[Site "Navalmoral de la Mata"]
[Date "2008.12.08"]
[Round "8.8"]
[White "Carrasco Martinez, Juan M"]
[Black "Komljenovic, Davorin"]
[Result "0-1"]
[WhiteElo "2434"]
[BlackElo "2428"]
[PlyCount "70"]
[EventDate "2008.12.04"]

1. d4 Nf6 2. Nf3 g6 3. c4 Bg7 4. Nc3 d6 5. Bg5 h6 6. Bh4 g5 7. Bg3 Nh5 8. e3 c5
9. Be2 Nc6 10. d5 Nxg3 11. hxg3 Ne5 12. Qc2 Qa5 13. Nd2 Bd7 14. Rc1 a6 15. a4
O-O-O 16. Bd3 h5 17. Bf5 e6 18. Be4 h4 19. gxh4 gxh4 20. Ke2 Kb8 21. b3 f5 22.
dxe6 fxe4 23. exd7 Nd3 24. Rcf1 Bxc3 25. Nxe4 Nxf2 26. Rxf2 Be5 27. Rf7 Qc7 28.
Nc3 Rhg8 29. Kd3 Bxc3 30. Kxc3 Rxd7 31. Rxd7 Qxd7 32. Kb2 Rg3 33. Rh2 Rxe3 34.
Rxh4 Qg7+ 35. Ka2 Qe5 0-1

[Event "XIV T. INT. AJEDREZ "]
[Site "Navalmoral de la Mata"]
[Date "2008.12.08"]
[Round "8.9"]
[White "Garcia-Ortega Mendez, Jose M"]
[Black "Palencia, Wilson"]
[Result "1/2-1/2"]
[WhiteElo "2223"]
[BlackElo "2337"]
[PlyCount "99"]
[EventDate "2008.12.04"]

1. e4 e5 2. Nf3 Nc6 3. Bc4 Nf6 4. d3 Be7 5. O-O d6 6. a4 Na5 7. Ba2 c5 8. Bg5
O-O 9. Nc3 Nc6 10. h3 Nb4 11. Bc4 Ne8 12. Bxe7 Qxe7 13. Nd5 Nxd5 14. Bxd5 Nc7
15. Bc4 Kh8 16. Re1 Be6 17. c3 f5 18. Bxe6 Qxe6 19. d4 exd4 20. exf5 Qxf5 21.
cxd4 Na6 22. Re7 b6 23. Qe2 Nb4 24. dxc5 bxc5 25. Qe6 Qxe6 26. Rxe6 d5 27. Re7
Nd3 28. Rd1 Nf4 29. h4 d4 30. Re5 Rac8 31. b4 cxb4 32. Rxd4 b3 33. Kh2 a6 34.
Re1 Rb8 35. Rb1 Ne6 36. Rc4 h6 37. Rc6 Nf4 38. Rxa6 Nd3 39. a5 Rb4 40. Rb6 Rxb6
41. axb6 b2 42. Nd2 Rf4 43. Kg3 Rb4 44. Kf3 Rxb6 45. Ke3 Nc5 46. Nc4 Rb3+ 47.
Kd2 Na4 48. g3 Kg8 49. Ne3 Ra3 50. Nd1 1/2-1/2

[Event "XIV T. INT. AJEDREZ "]
[Site "Navalmoral de la Mata"]
[Date "2008.12.08"]
[Round "8.10"]
[White "Gallardo Retortillo, Enrique"]
[Black "Guerra Tulcan, Lenin"]
[Result "0-1"]
[WhiteElo "2174"]
[BlackElo "2304"]
[PlyCount "79"]
[EventDate "2008.12.04"]

1. d4 Nf6 2. c4 c5 3. d5 b5 4. cxb5 a6 5. bxa6 Bxa6 6. Nc3 g6 7. e4 Bxf1 8.
Kxf1 d6 9. Nf3 Bg7 10. g3 O-O 11. Kg2 Nbd7 12. Re1 Ng4 13. Nd2 Nge5 14. Qe2 Nb6
15. f4 Ned7 16. a4 Bxc3 17. bxc3 Nxa4 18. Qe3 Qa5 19. Ra3 Rfb8 20. e5 Ndb6 21.
c4 Qa6 22. Qe4 Qc8 23. Nf3 Qd7 24. Nh4 e6 25. Rd1 exd5 26. cxd5 Re8 27. Re3
dxe5 28. fxe5 c4 29. Ba3 Ra5 30. Bd6 f5 31. Qf3 c3 32. Red3 Nc4 33. Rc1 Nxd6
34. exd6 Qxd6 35. Qf4 Qxf4 36. gxf4 Rd8 37. d6 Ra6 38. Ra1 Nb2 39. Rxa6 Nxd3
40. Rc6 0-1

[Event "XIV T. INT. AJEDREZ "]
[Site "Navalmoral de la Mata"]
[Date "2008.12.08"]
[Round "9.1"]
[White "Epishin, Vladimir"]
[Black "Granda Zuniga, Julio E"]
[Result "1/2-1/2"]
[WhiteElo "2581"]
[BlackElo "2628"]
[PlyCount "61"]
[EventDate "2008.12.04"]

1. d4 Nf6 2. Nf3 e6 3. c4 b6 4. g3 Ba6 5. b3 Bb4+ 6. Bd2 Be7 7. Bg2 d5 8. cxd5
exd5 9. Nc3 O-O 10. O-O Re8 11. Re1 Bb7 12. Bc1 Nbd7 13. Bb2 Nf8 14. Rc1 Ne6
15. e3 a6 16. h4 Qd6 17. Re2 Rad8 18. Rd2 Ne4 19. Nxe4 dxe4 20. Ne5 f6 21. Nc4
Qd5 22. Ba3 g5 23. Bxe7 Rxe7 24. Qh5 gxh4 25. Qxh4 Ng5 26. Rdc2 Qf5 27. b4 Rg7
28. Nd2 Rdd7 29. a4 h5 30. b5 Qg4 31. Kh2 1/2-1/2